Word Ladder: Neil Patrick Harris Quiz Stats

 Plays Quiz Updated Aug 29, 2017

Challenge
Share
Tweet
Embed
Score 0/8 Timer 01:00
1 Play Today
Hint 6-Letter Word % Correct
Antagonist in the Mario video game seriesBOWSER
88%
Doogie's last name, as portrayed by NPHHOWSER
86.3%
Cereal grain often used in beer productionBARLEY
84.1%
One who aims for a perfect score of 300BOWLER
84%
Mr. Stinson, as portrayed by NPH, on 'How I Met Your Mother'BARNEY
80.1%
2000 Film starring Giovanni Ribisi and Vin Diesel, '______ Room'BOILER
72.2%
One who removes excess water from a boatBAILER
71.8%
Surname of comics character BeetleBAILEY
70.9%

Today's Daily Dose

Word Ladder
Aquatic Life

On This Day
August 21st II

You're not logged in!

Compare scores with friends on all Sporcle quizzes.
Join for Free
OR
Log In

You Might Also Like...

Show Comments

Extras

Top Quizzes Today


Score Distribution

Your Account Isn't Verified!

In order to create a playlist on Sporcle, you need to verify the email address you used during registration. Go to your Sporcle Settings to finish the process.

Report this User

Report this user for behavior that violates our Community Guidelines.

Details: